[Event "TATA 14th IBCA Olympiad"]
[Site "Chennai IND"]
[Date "2012.08.19"]
[Round "9.1"]
[White "Pulvett, Daniel"]
[Black "Torres, Saulo De Jesus"]
[Result "1-0"]
[WhiteTitle "IM"]
[WhiteElo "2383"]
[BlackElo "1914"]
[WhiteTeam "Venezuela"]
[BlackTeam "Columbia"]
[WhiteFideId "3900410"]
[BlackFideId "4403622"]
[EventDate "2012.08.10"]

1. e4 c5 2. Nf3 Nc6 3. d4 cxd4 4. Nxd4 g6 5. Nc3 Bg7 6. Nb3 Nf6 7. g4 d5 8. exd5
Nb4 9. Bb5+ Kf8 10. f3 Nfxd5 11. a3 Be6 12. axb4 Nxc3 13. Qxd8+ Rxd8 14. bxc3
Bxc3+ 15. Ke2 Bxa1 16. Nxa1 Kg7 17. Bb2+ f6 18. Bd3 Rd7 19. b5 Rhd8 20. Bc3 Kf7
21. Bd2 Rc8 22. Rb1 g5 23. Rb4 h6 24. Nb3 b6 25. Nd4 Bd5 26. Ra4 Rcd8 27. Nc6
Bxc6 28. bxc6 Rc7 29. Be4 a5 30. c4 e6 31. c5 1-0

[Event "TATA 14th IBCA Olympiad"]
[Site "Chennai IND"]
[Date "2012.08.19"]
[Round "9.2"]
[White "Rico Hernandez, Edgar"]
[Black "Otero, Harlen"]
[Result "0-1"]
[WhiteElo "1884"]
[BlackElo "2038"]
[WhiteTeam "Columbia"]
[BlackTeam "Venezuela"]
[WhiteFideId "4427823"]
[BlackFideId "3902005"]
[EventDate "2012.08.10"]

1. d4 Nf6 2. c4 e6 3. Bg5 Be7 4. Nf3 d5 5. e3 Nbd7 6. Nc3 O-O 7. Bd3 c6 8. O-O
dxc4 9. Bxc4 b5 10. Bd3 a6 11. Qc2 h6 12. Bh4 c5 13. Rfe1 Bb7 14. Qe2 Qb6 15.
Rac1 Bxf3 16. Qxf3 cxd4 17. exd4 Qxd4 18. Ne4 Qxb2 19. Rc7 Ne5 20. Qe2 Qxe2 21.
Rxe2 Bd8 22. Nxf6+ Bxf6 23. Bxf6 Nxd3 24. Be7 Rac8 25. Rec2 Rxc7 26. Rxc7 Rb8
27. h3 Rb6 28. Rd7 Nf4 29. a3 Nd5 30. Bd6 a5 31. Be5 b4 32. axb4 axb4 33. Rd8+
Kh7 34. Rd7 Kg6 35. Ra7 b3 36. Ra1 b2 37. Rb1 Kf5 38. Rxb2 Kxe5 39. Rxb6 Nxb6 0-1

[Event "TATA 14th IBCA Olympiad"]
[Site "Chennai IND"]
[Date "2012.08.19"]
[Round "9.1"]
[White "Mlacnik, Franc"]
[Black "Pribeanu, Mihail-Dacian"]
[Result "0-1"]
[BlackTitle "FM"]
[WhiteElo "2124"]
[BlackElo "2176"]
[WhiteTeam "Slovenia"]
[BlackTeam "Romania"]
[WhiteFideId "14601923"]
[BlackFideId "1209094"]
[EventDate "2012.08.10"]

1. d4 Nf6 2. c4 g6 3. Nc3 Bg7 4. e4 d6 5. Nge2 O-O 6. Ng3 c5 7. d5 Na6 8. Be2
Nc7 9. O-O a6 10. Be3 Rb8 11. Qd2 b5 12. cxb5 axb5 13. a4 bxa4 14. Rxa4 Bd7 15.
Ra7 Ra8 16. Rxa8 Qxa8 17. Bh6 Rb8 18. Bxg7 Kxg7 19. h3 Rb4 20. Rb1 Qb7 21. Kh2
Rd4 22. Qe1 h5 23. h4 e6 24. Bf3 exd5 25. Nxd5 Ncxd5 26. exd5 Rxh4+ 27. Kg1 Bg4
28. Bxg4 Rxg4 29. Qd2 Rd4 30. Qg5 Qxd5 31. Qxd5 Nxd5 32. Kf1 Nf4 33. Ne2 Nxe2
34. Kxe2 f5 35. Ke3 g5 36. g3 Kf6 37. Rh1 Rb4 38. Rb1 h4 39. f4 Rb3+ 0-1

[Event "TATA 14th IBCA Olympiad"]
[Site "Chennai IND"]
[Date "2012.08.19"]
[Round "9.3"]
[White "Znuderl, Matej"]
[Black "Nistor, Mihai"]
[Result "1-0"]
[WhiteElo "1986"]
[BlackElo "1925"]
[WhiteTeam "Slovenia"]
[BlackTeam "Romania"]
[WhiteFideId "14604337"]
[BlackFideId "1215701"]
[EventDate "2012.08.10"]

1. c4 Nf6 2. g3 g6 3. Bg2 Bg7 4. Nc3 O-O 5. d4 d6 6. e4 e5 7. Nf3 Nbd7 8. d5 Nb6
9. O-O a5 10. b3 Ne8 11. Bb2 f5 12. Qe2 Nf6 13. Ng5 h6 14. Ne6 Bxe6 15. dxe6 c6
16. Rad1 Qc7 17. Rd2 Rad8 18. Rfd1 Nc8 19. Bh3 Nh7 20. f4 c5 21. Nd5 Qb8 22. e7 1-0

[Event "TATA 14th IBCA Olympiad"]
[Site "Chennai IND"]
[Date "2012.08.19"]
[Round "9.4"]
[White "Bursuc, Mihai"]
[Black "Cizman, Gregor"]
[Result "1/2-1/2"]
[WhiteElo "1948"]
[BlackElo "1784"]
[WhiteTeam "Romania"]
[BlackTeam "Slovenia"]
[WhiteFideId "1215086"]
[BlackFideId "14605660"]
[EventDate "2012.08.10"]

1. e4 c6 2. d4 d5 3. exd5 Qxd5 4. Nc3 Qa5 5. Bd3 Nf6 6. Nf3 Bg4 7. Bd2 Qc7 8. h3
Bxf3 9. Qxf3 e6 10. O-O Bd6 11. Ne4 Nxe4 12. Bxe4 Nd7 1/2-1/2

[Event "TATA 14th IBCA Olympiad"]
[Site "Chennai IND"]
[Date "2012.08.19"]
[Round "9.1"]
[White "Cajzler, Hinko"]
[Black "Moradiyan, Meysam"]
[Result "1/2-1/2"]
[WhiteElo "2159"]
[BlackElo "1992"]
[WhiteTeam "Croatia"]
[BlackTeam "Iran"]
[WhiteFideId "14501376"]
[BlackFideId "12507725"]
[EventDate "2012.08.10"]

1. c4 d6 2. d4 Nd7 3. Nf3 e5 4. Nc3 c6 5. Qc2 Be7 6. e3 Ngf6 7. Bd3 Qc7 8. O-O
O-O 9. b3 Re8 10. Bb2 Nf8 11. h3 h6 12. Rad1 Be6 13. dxe5 dxe5 14. Ne2 N6d7 15.
Ng3 g6 16. e4 f6 17. Rfe1 Rad8 18. a3 Nc5 19. Bf1 Bf7 20. b4 Nce6 21. c5 Nf4 22.
Bc1 N8e6 23. Be3 Rxd1 24. Rxd1 Rd8 25. Ne2 a5 26. Nc3 axb4 27. axb4 Rxd1 28.
Nxd1 Qc8 29. Kh2 g5 30. g3 Ng6 31. Be2 Nc7 32. Nb2 Be6 33. Ng1 Nb5 34. Bc4 Nf8
35. Ne2 Kg7 36. Bxe6 Nxe6 37. Qd3 Qd8 38. Qxd8 Bxd8 39. Nc4 Bc7 40. Kg2 Kg6 41.
g4 Nf4+ 42. Bxf4 exf4 43. f3 Kf7 44. Kf2 Ke6 45. Ke1 Bd8 46. Kd2 Bc7 47. Kd3 Kd7
48. Nd4 Nxd4 49. Kxd4 Ke6 50. Na3 Be5+ 51. Kc4 Bb2 52. Nc2 Be5 53. Ne1 Kd7 54.
b5 Kc7 55. Nd3 Kd7 56. Nc1 Kc8 57. Nb3 Kd7 58. Na5 Kc7 59. b6+ Kc8 60. Kd3 Kb8
61. Nb3 Kc8 62. Nd4 Bxd4 63. Kxd4 Kd7 64. e5 Ke6 65. exf6 Kxf6 1/2-1/2

[Event "TATA 14th IBCA Olympiad"]
[Site "Chennai IND"]
[Date "2012.08.19"]
[Round "9.2"]
[White "Mousavi, Emadeddin"]
[Black "Marendic, Vlatko"]
[Result "0-1"]
[WhiteElo "1877"]
[BlackElo "2073"]
[WhiteTeam "Iran"]
[BlackTeam "Croatia"]
[WhiteFideId "12522031"]
[BlackFideId "14503336"]
[EventDate "2012.08.10"]

1. e4 c5 2. Nf3 a6 3. d4 cxd4 4. Nxd4 Nf6 5. Nc3 e5 6. Nb3 Bb4 7. Bg5 Qb6 8. Bd3
h6 9. Be3 Qc7 10. O-O Bxc3 11. bxc3 d6 12. c4 b6 13. f4 Nbd7 14. Qf3 Bb7 15.
Rae1 a5 16. fxe5 dxe5 17. Qg3 Nxe4 18. Bxe4 Bxe4 19. Bd4 Qb7 20. Bxe5 O-O-O 21.
Rxf7 Rhe8 22. Rd1 Bxc2 23. Rd2 Qe4 24. Bb8 Qxc4 25. Nd4 Ba4 26. Rd3 Kb7 27. Nc6
Bxc6 28. Qc7+ Ka6 29. Qa7+ Kb5 30. Rf5+ Nc5 31. Bc7 Re1+ 32. Kf2 Qc2+ 33. Kxe1
Re8+ 34. Kf1 Qxd3+ 35. Kg1 Qe3+ 0-1

[Event "TATA 14th IBCA Olympiad"]
[Site "Chennai IND"]
[Date "2012.08.19"]
[Round "9.4"]
[White "Bagheri, Majjid"]
[Black "Zaja, Stjepan1"]
[Result "1/2-1/2"]
[WhiteElo "1958"]
[BlackElo "1795"]
[WhiteTeam "Iran"]
[BlackTeam "Croatia"]
[WhiteFideId "12524158"]
[BlackFideId "14518732"]
[EventDate "2012.08.10"]

1. Nf3 d5 2. d4 Nf6 3. g3 c6 4. Bg2 e6 5. Nbd2 Be7 6. O-O Nbd7 7. c4 O-O 8. Qc2
Qc7 9. b3 b6 10. Bb2 Bb7 11. Ne5 Rac8 12. Rac1 c5 13. cxd5 Nxd5 14. a3 N5f6 15.
Nef3 Qb8 16. Qb1 cxd4 17. Nxd4 Bxg2 18. Kxg2 Qb7+ 19. N2f3 Nc5 20. Kg1 Nce4 21.
h3 b5 22. b4 Nd6 23. Ne5 Nc4 24. Nxc4 bxc4 25. Nf3 Ne4 26. Bd4 Bf6 27. Bxf6 gxf6
28. Rfd1 e5 29. Nd2 Nd6 30. Nb3 cxb3 31. Rxd6 Rxc1+ 32. Qxc1 Rc8 33. Qb2 Qc7 34.
Rd1 Qc2 35. Rb1 Qe4 36. Qxb3 Qxe2 37. Qd1 Qxd1+ 38. Rxd1 Rc3 39. a4 Rc4 40. Rd7
Rxb4 41. Rxa7 Kg7 42. g4 Kg6 43. f3 Rb2 44. h4 h5 45. Ra6 hxg4 46. fxg4 Kg7 47.
g5 Ra2 48. Ra5 1/2-1/2

[Event "TATA 14th IBCA Olympiad"]
[Site "Chennai IND"]
[Date "2012.08.19"]
[Round "9.2"]
[White "Bibikov, Yuriy"]
[Black "Berggren, Patrik"]
[Result "1/2-1/2"]
[WhiteElo "2038"]
[BlackElo "1935"]
[WhiteTeam "Kazakhstan"]
[BlackTeam "Sweden"]
[WhiteFideId "13705814"]
[BlackFideId "1709917"]
[EventDate "2012.08.10"]

1. c4 f5 2. Nf3 g6 3. Nc3 Nf6 4. g3 Bg7 5. Bg2 O-O 6. O-O d6 7. d3 e5 8. e4 Nc6
9. Rb1 fxe4 10. dxe4 Bg4 11. Qd3 a5 12. a3 Qd7 13. b4 axb4 14. axb4 Bh3 15. Nd5
Bxg2 16. Kxg2 Ra4 17. Bd2 Ne7 18. Nxe5 Qe6 19. Nxf6+ Bxf6 20. Nf3 Nc6 21. Rfe1
Rfa8 22. Rb3 Ra2 23. Rc1 Rf8 24. Be3 Kg7 25. Rc2 Ra1 26. h3 Re8 27. Nd2 Ra4 28.
b5 Nb4 29. Rxb4 Rxb4 30. Qa3 Rb1 31. Qa7 Rb2 32. Rxb2 Bxb2 33. Qxb7 Re7 34. Qd5
Bc3 35. Qxe6 Rxe6 36. Kf3 Re8 37. Nb3 Ra8 38. c5 dxc5 39. Nxc5 Kf6 40. b6 cxb6
41. Nd7+ Ke6 42. Nxb6 Rf8+ 43. Ke2 Ba5 44. Nd5 Rb8 45. h4 Ke5 46. Bf4+ Kxe4 47.
Bxb8 Kxd5 48. f3 h5 49. Ke3 Bc3 50. f4 Be1 51. f5 gxf5 52. Kf4 Ke6 53. Kg5 Bb4
54. Kxh5 Kf6 55. Bf4 Bc3 56. Kh6 Bd4 57. Bc7 Be3+ 58. Kh7 Kf7 59. Be5 Bd2 60.
Bf4 Bc3 61. Kh6 Kf6 62. Kh5 Bd4 63. Bd2 Be5 64. Bg5+ Kf7 65. Bf4 Bf6 66. Bc7 Be7 1/2-1/2

[Event "TATA 14th IBCA Olympiad"]
[Site "Chennai IND"]
[Date "2012.08.19"]
[Round "9.3"]
[White "Berggren, Marcus"]
[Black "Kabyzhanov, Bulat"]
[Result "1/2-1/2"]
[WhiteElo "1933"]
[BlackElo "2109"]
[WhiteTeam "Sweden"]
[BlackTeam "Kazakhstan"]
[WhiteFideId "1710036"]
[BlackFideId "13705822"]
[EventDate "2012.08.10"]

1. f4 Nf6 2. Nf3 e6 3. g3 Bc5 4. d4 Bb6 5. Bg2 O-O 6. O-O d6 7. c4 a6 8. Nc3
Nbd7 9. h3 Re8 10. Kh2 d5 11. Ne5 c6 12. c5 Bc7 13. Qd3 Nf8 14. b4 Ng6 15. Bd2
Nd7 16. a4 Ndf8 17. e4 f6 18. Nxg6 hxg6 19. Rae1 dxe4 20. Nxe4 e5 21. fxe5 Bxe5
22. Bc3 Be6 23. Rd1 Bc7 24. Bd2 g5 25. Nc3 Bf7 26. d5 cxd5 27. Nxd5 Ng6 28. Bc3
Ne5 29. Qc2 Qc8 30. Nxc7 Qxc7 31. Bxe5 Rxe5 32. Rd6 Rae8 33. Rfd1 Re3 34. R1d3
Re2 35. Rd2 R2e3 36. R2d3 Re2 37. Qc3 Bg6 38. Rd2 R2e3 39. Qc4+ Kh7 40. b5 axb5
41. axb5 R8e5 42. c6 bxc6 43. bxc6 Re7 44. h4 Be4 45. hxg5 fxg5 46. Qc5 Bxg2 47.
Qf5+ Kh8 48. Kxg2 Re2+ 49. Kh3 Rxd2 50. Rxd2 Re8 51. Qg6 Rd8 52. Re2 Qc8+ 53.
Re6 Kg8 54. Kg4 Rd4+ 55. Kh5 Rd8 56. g4 Kf8 57. Qf5+ 1/2-1/2

[Event "TATA 14th IBCA Olympiad"]
[Site "Chennai IND"]
[Date "2012.08.19"]
[Round "9.1"]
[White "Kakade, Atul"]
[Black "Yuvarlak, Ugur"]
[Result "0-1"]
[WhiteElo "1647"]
[BlackElo "1910"]
[WhiteTeam "India - B"]
[BlackTeam "Turkey"]
[WhiteFideId "25010271"]
[BlackFideId "6305598"]
[EventDate "2012.08.10"]

1. e4 Nf6 2. e5 Nd5 3. d4 d6 4. c4 Nb6 5. exd6 cxd6 6. Nf3 Bg4 7. Qb3 Nc6 8. Be3
Bxf3 9. gxf3 e5 10. d5 Nd4 11. Qd1 Qf6 12. Nd2 Nf5 13. Qb3 Nxe3 14. Qxe3 Rc8 15.
Bd3 Be7 16. b3 e4 17. Rd1 exd3 18. Qxd3 O-O 19. O-O Qg6+ 20. Qxg6 fxg6 21. Kg2
Nd7 22. Rde1 Rce8 23. Ne4 Nc5 24. Re2 Nxe4 25. fxe4 b6 26. f3 Bg5 27. Rd1 a5 28.
a4 Bf4 29. h4 Be5 30. Rh1 Rf4 31. Rh3 Ref8 32. Re3 h6 33. Kf1 Bd4 34. Rd3 Rxe4
35. Kg2 Re2+ 36. Kf1 Rf2+ 37. Ke1 Re8+ 38. Kd1 Bc5 39. Rh1 Ree2 40. Kc1 Ba3+ 41.
Kd1 Ra2 42. Ke1 Bb4+ 43. Kd1 Ra1# 0-1

[Event "TATA 14th IBCA Olympiad"]
[Site "Chennai IND"]
[Date "2012.08.19"]
[Round "9.2"]
[White "Aksu, Mumin"]
[Black "Patel, Darshan blind"]
[Result "1/2-1/2"]
[WhiteElo "1905"]
[BlackElo "1811"]
[WhiteTeam "Turkey"]
[BlackTeam "India - B"]
[WhiteFideId "6337252"]
[BlackFideId "5051436"]
[EventDate "2012.08.10"]

1. e4 e6 2. d4 d5 3. e5 c5 4. c3 Nc6 5. Nf3 Qb6 6. Bd3 Bd7 7. dxc5 Bxc5 8. Qe2
a5 9. O-O Nge7 10. Nbd2 Ng6 11. Nb3 Be7 12. Be3 Qc7 13. Bxg6 hxg6 14. Bf4 Qb6
15. Be3 Qd8 16. Rfd1 a4 17. Nc5 b6 18. Nxd7 Qxd7 19. Bxb6 Qb7 20. Bd4 Na5 21.
Rab1 O-O 22. Nd2 Bg5 23. Bc5 Rfc8 24. Bb4 Be7 25. Bxa5 Rxa5 26. a3 Rb5 27. c4
Rxb2 28. cxd5 exd5 29. Qd3 Rcc2 30. Rxb2 Rxb2 31. Qc3 Bg5 32. Nf3 Rb1 33. Rf1
Be7 34. Nd2 Rxf1+ 35. Kxf1 Qb5+ 36. Ke1 Qc5 37. Qxc5 Bxc5 38. Nb1 Bd4 39. f4 g5
40. g3 gxf4 41. gxf4 Be3 42. Nc3 Bxf4 43. Nxd5 Bxh2 44. e6 fxe6 45. Nb6 Bd6 46.
Nxa4 Bxa3 47. Ke2 Bb4 48. Nb2 Kf7 49. Nd3 Bd6 50. Kf3 Kf6 51. Ke4 Kg5 52. Kf3
Kh4 53. Nf2 g5 54. Ne4 Bc5 55. Nf6 Bd4 56. Ng4 Bg7 57. Nf2 e5 58. Kg2 g4 59. Ne4
Bh6 60. Kh2 Kh5 61. Kg3 Bf4+ 62. Kg2 Kg6 63. Kf2 Kf5 64. Nd6+ Ke6 65. Ne4 Kf5
66. Nd6+ Kg5 67. Kg2 Kh4 68. Nf5+ Kg5 69. Nd6 Bc1 70. Kg3 Bf4+ 71. Kg2 Kh5 72.
Ne4 Bg5 73. Kf2 Bh4+ 74. Ke3 Kg6 75. Nd6 Be7 76. Ne4 Bg5+ 77. Kf2 Kf5 78. Ng3+
Kf4 79. Nh5+ Kf5 80. Ng3+ Ke6 81. Ne4 Bh4+ 82. Ke3 Be7 83. Kf2 Kd5 84. Ke3 Bc5+
85. Kd3 Kc6 86. Ke2 Be7 87. Kd3 Bh4 88. Ke3 Kd5 89. Nc3+ 1/2-1/2

[Event "TATA 14th IBCA Olympiad"]
[Site "Chennai IND"]
[Date "2012.08.19"]
[Round "9.3"]
[White "Patil, Shirish"]
[Black "Boztepe, Suleyman"]
[Result "1/2-1/2"]
[WhiteElo "1826"]
[BlackElo "1803"]
[WhiteTeam "India - B"]
[BlackTeam "Turkey"]
[WhiteFideId "5081904"]
[BlackFideId "6378951"]
[EventDate "2012.08.10"]

1. d4 d5 2. Nf3 Nf6 3. Bg5 Bf5 4. e3 Nbd7 5. Bd3 Ne4 6. Bh4 Ndf6 7. Bxf6 exf6 8.
Nbd2 Bb4 9. a3 Ba5 10. b4 Bb6 11. Nh4 Nc3 12. Qf3 Bxd3 13. cxd3 g6 14. a4 Qe7
15. O-O f5 16. a5 Qxh4 17. axb6 cxb6 18. Rfc1 Rc8 19. Kh1 O-O 20. g3 Qe7 21.
Rxa7 Qxb4 22. Rca1 Nb5 23. R7a2 Nc3 24. Rc2 Qb5 25. e4 fxe4 26. dxe4 Nxe4 27.
Rxc8 Rxc8 28. Nxe4 dxe4 29. Qxe4 Qb2 30. Rf1 Rd8 31. Qxb7 Qxd4 32. Kg1 Qc5 33.
h4 Rd3 34. Qb8+ Kg7 35. Qf4 Rb3 36. Kg2 b5 37. Rc1 Qd5+ 38. Kg1 b4 39. Rf1 Rc3
40. Qxb4 Rf3 41. Qb6 Qe4 42. Qc5 Qf5 43. Qxf5 Rxf5 1/2-1/2

[Event "TATA 14th IBCA Olympiad"]
[Site "Chennai IND"]
[Date "2012.08.19"]
[Round "9.4"]
[White "Aclan, Levent"]
[Black "Gaurav Gadodia"]
[Result "0-1"]
[WhiteElo "1589"]
[BlackElo "1807"]
[WhiteTeam "Turkey"]
[BlackTeam "India - B"]
[WhiteFideId "6322301"]
[BlackFideId "5034230"]
[EventDate "2012.08.10"]

1. e4 e5 2. Nf3 Nc6 3. Bc4 Bc5 4. c3 Qe7 5. O-O d6 6. d4 Bb6 7. h3 Nf6 8. d5 Nb8
9. Re1 h6 10. Nbd2 g5 11. Nf1 g4 12. hxg4 Nxg4 13. Ne3 Rg8 14. Nxg4 Bxg4 15. Be3
Qf6 16. Kf1 Nd7 17. Bxb6 axb6 18. Re3 Nf8 19. Bb5+ Ke7 20. Be2 Ng6 21. Ng1 h5
22. Rg3 Nf4 23. Bxg4 hxg4 24. Rxg4 Nd3 25. Qe2 Rxg4 26. Qxd3 Rag8 27. Nh3 Rxg2
28. Ke2 R8g4 29. Qf3 Qg6 30. Ke3 R2g3 31. fxg3 Rxg3 32. Rf1 Qh6+ 33. Ke2 Rxf3
34. Rxf3 Qc1 35. Rf2 Qxb2+ 36. Ke3 Qc1+ 37. Kd3 b5 38. Re2 b4 39. cxb4 Qa3+ 40.
Kc4 Qxh3 41. a4 Qf1 42. Kd3 Qd1+ 43. Rd2 Qxa4 44. Kc3 Qa3+ 45. Kc4 Qc1+ 46. Kd3
Qb1+ 47. Rc2 Kd7 48. Kc3 c6 49. dxc6+ bxc6 50. Rf2 Qe1+ 51. Rd2 Qxe4 0-1

[Event "TATA 14th IBCA Olympiad"]
[Site "Chennai IND"]
[Date "2012.08.19"]
[Round "9.1"]
[White "Nizam, Rasim"]
[Black "Bindzus, Ernst"]
[Result "1-0"]
[WhiteTitle "IM"]
[WhiteElo "2232"]
[BlackElo "1910"]
[WhiteTeam "Bulgaria"]
[BlackTeam "Denmark"]
[WhiteFideId "2906708"]
[BlackFideId "1411950"]
[EventDate "2012.08.10"]

1. e4 c5 2. Nf3 d6 3. d4 cxd4 4. Nxd4 Nf6 5. Nc3 a6 6. Be2 e5 7. Nb3 Be6 8. Be3
Be7 9. f3 Qc7 10. Qd2 Nbd7 11. g4 h6 12. h4 b5 13. O-O-O b4 14. Nd5 Bxd5 15.
exd5 Nb6 16. g5 hxg5 17. hxg5 Rxh1 18. Rxh1 Nfxd5 19. Rh8+ Bf8 20. Bxb6 Nxb6 21.
Qxb4 Nd5 22. Qe4 Nb6 23. g6 f6 24. Qf5 Qd7 25. Qh5 f5 26. Bd3 f4 27. Bf5 Qe7 28.
Na5 d5 29. Nb3 Nc4 30. a3 Ne3 31. Kb1 Qf6 32. Bd3 Rc8 33. Qh3 Rc7 34. Na5 Nc4
35. Nxc4 dxc4 36. Be4 c3 37. b3 Qd6 38. Qf5 Qxa3 39. Bc6+ Rxc6 40. Qf7+ Kd8 41.
Rxf8+ 1-0

[Event "TATA 14th IBCA Olympiad"]
[Site "Chennai IND"]
[Date "2012.08.19"]
[Round "9.4"]
[White "Hansen, Martin Mandrup"]
[Black "Kichukov, Milko"]
[Result "1/2-1/2"]
[WhiteElo "1518"]
[BlackElo "1821"]
[WhiteTeam "Denmark"]
[BlackTeam "Bulgaria"]
[WhiteFideId "1441361"]
[BlackFideId "2917882"]
[EventDate "2012.08.10"]

1. e4 e5 2. Nf3 Nc6 3. Bb5 d6 4. c3 Nf6 5. Qe2 Be7 6. O-O O-O 7. Re1 a6 8. Ba4
Bd7 9. Bc2 Qc8 10. d4 exd4 11. cxd4 Bg4 12. Nc3 Re8 13. Qd3 Nb4 14. Qe2 Nxc2 15.
Qxc2 Bxf3 16. gxf3 h6 17. Kh1 Qh3 18. Qe2 c6 19. Rg1 Kh8 20. f4 Qh5 21. f3 Qh3
22. Rg3 Qd7 23. Qg2 Rg8 24. f5 Nh7 1/2-1/2

[Event "TATA 14th IBCA Olympiad"]
[Site "Chennai IND"]
[Date "2012.08.19"]
[Round "9.2"]
[White "Lucas, Melvyn Andre"]
[Black "Belazzoug, Farid"]
[Result "1-0"]
[WhiteElo "1667"]
[BlackElo "1698"]
[WhiteTeam "South Africa"]
[BlackTeam "France"]
[WhiteFideId "14304660"]
[BlackFideId "20602103"]
[EventDate "2012.08.10"]

1. d4 d5 2. Bf4 Nf6 3. Nd2 Bf5 4. Ngf3 e6 5. e3 Bd6 6. Bxd6 Qxd6 7. c3 O-O 8. h3
c5 9. Ne5 cxd4 10. exd4 Nc6 11. f4 Nxe5 12. fxe5 Qe7 13. exf6 Qxf6 14. Nf3 Be4
15. h4 h6 16. Bd3 Bxd3 17. Qxd3 1-0

[Event "TATA 14th IBCA Olympiad"]
[Site "Chennai IND"]
[Date "2012.08.19"]
[Round "9.1"]
[White "Vrioni, Bersan"]
[Black "Harnandan, Sergio"]
[Result "1-0"]
[WhiteElo "1855"]
[BlackElo "1982"]
[WhiteTeam "Italy"]
[BlackTeam "Netherland"]
[WhiteFideId "805351"]
[BlackFideId "1029169"]
[EventDate "2012.08.10"]

1. e4 c5 2. Nf3 Nc6 3. d4 cxd4 4. Nxd4 Nf6 5. Nc3 e5 6. Ndb5 d6 7. Bg5 a6 8.
Bxf6 gxf6 9. Na3 b5 10. Nd5 Be6 11. c3 Be7 12. Nc2 f5 13. exf5 Bxf5 14. Nce3 Be6
15. Bd3 Bg5 16. Be4 Ra7 17. Qd3 f6 18. Nxf6+ Qxf6 19. Bxc6+ Bd7 20. Bd5 Be6 21.
Be4 O-O 22. Bxh7+ Rxh7 23. f3 Bh4+ 24. Ke2 Bg5 25. Nd5 Qf7 26. Rad1 Rh4 27. g4
Rh3 28. Rhf1 Rxh2+ 29. Rf2 Rxf2+ 30. Kxf2 Bxd5 31. Qxd5 Qxd5 32. Rxd5 Rd8 33.
Ke2 Kf7 1-0